000 00520nam a2200205Ia 4500
005 20251020182533.0
008 200515s9999 xx 000 0 und d
082 _a712.391/B84
100 _aBROOKES, John
245 0 _aGuía completa de diseño de jardines
260 _aLondres
260 _c1999
500 _a1 ejemplar
520 _aGuía completa para proyectar, diseñar y realizar jardines
650 _aDISEÑO DE JARDINES
650 _aJARDINES
650 _aLIB
650 _aPLANTAS
942 _cLIB
999 _c2139
_d2139